000 00283 a2200145 4500
001 154866
040 _cEscola São Tomás de Aquino
240 1 0 _aFísica
_lpor
245 1 0 _aFísica
300 _a464
362 0 _a1997
440 1 _aÁtica
697 _aFÍSICA
942 _cBK
999 _c154866
_d154866